000 00590nam a2200181Ia 4500
005 20250508154321.0
008 008 250505s9999 xx 000 0 eng d
037 _aTextual
040 _aFEDL
_beng
_cFEDL
041 _aeng
_2eng
084 _a378.42, ASH
_qFEDL
100 _aAshby Eric
245 0 _aCommunity of Universities : An informal portrait of the association of Universities of the British Commonwealth 1913-1963
260 _aCambridge
_bCambridge University Press
_c1963
300 _avii,117p
942 _cTEXL
_h378.42, ASH
999 _c1349548
_d1349548